000 00672nam a2200241Ia 4500
003 OSt
005 20220916110945.0
006 a|||||r|||| 00| 0
007 ta
008 220915b |||||||| |||| 00| 0 eng d
024 _a31896
037 _cTextbook
040 _beng
_aARTS
_cARTS
041 _aeng
082 _aO111,3L75:gx, K7 (EO)
100 _aLerner Laurence
245 0 _aTruth tellers : Jan Austen, George Eliot, D H Lawrence
260 _aLondon
_bChatto and Windus UK
300 _a291p.
_ccm.
650 _aENGLISH LITERATURE
942 _hO111,3L75:gx, K7 (EO)
_cTB
_2CC
999 _c102244
_d102244